[Event "Curitiba Parana-ch"]
[Site "Curitiba"]
[Date "2016.01.29"]
[Round "6"]
[White "Aguiar, Lucas Teodoro Barbo"]
[Black "Silva, Clever Eduardo"]
[Result "1-0"]
[WhiteElo "1560"]
[BlackElo "1758"]
[PlyCount "97"]
[EventDate "2016.01.26"]
[EventType "swiss"]
[EventRounds "8"]
[EventCountry "BRA"]
[SourceTitle "CBM 170 Extra"]
[Source "ChessBase"]
[SourceDate "2016.02.25"]
[SourceVersion "1"]
[SourceVersionDate "2016.02.25"]
[SourceQuality "1"]

1. e4 Nf6 2. e5 Nd5 3. c4 Nb6 4. d4 d6 5. exd6 cxd6 6. Nc3 Nc6 7. Nf3 Bg4 8. d5 Ne5 9. b3 Nxf3+ 10. gxf3 Bh5 11. Bb2 Nd7 12. Be2 Qa5 13. f4 Bg6 14. Bd3 f5 15. Qc2 e6 16. dxe6 Nf6 17. 0-0-0 Be7 18. Kb1 0-0 19. Nb5 Ne8 20. h4 h6 21. Rdg1 Kh7 22. h5 Bf6 23. hxg6+ Kh8 24. Bxf5 Bxb2 25. Qxb2 Rxf5 26. Rxh6+ Kg8 27. Rgh1 gxh6 28. Rxh6 Rf6 29. Rh1 a6 30. Nxd6 Kg7 31. Ne4 Qd8 32. f5 Kg8 33. Nxf6+ Qxf6 34. Qxf6 Nxf6 35. Kc2 Rd8 36. Rd1 Re8 37. Rd4 Kg7 38. Kd3 Re7 39. Ke3 Ng8 40. Rd7 Kf6 41. Rd8 Nh6 42. Kf4 Kg7 43. Kg5 Ng8 44. b4 Nf6 45. a4 Ne4+ 46. Kf4 Nxf2 47. Rd7 Kf6 48. Rxe7 Kxe7 49. g7 1-0